000 00613nam a2200241 i 4500
001 C2-0128419
003 PPAK
005 20180727120707.0
008 970925s1993 enk |||| ||||| | eng d
020 _a1856970361
040 _aPPAK
_beng
_cPPAK
_erda
082 0 4 _a428.6
_223
090 0 0 _a428.6
_bHIN
_dK
100 1 _aHindley, Judy,
_eauthor
245 1 0 _aFeathery furry tales
264 1 _aLondon :
_bKingfisher Books ,
_c1993
300 _a31 pages ;
_c26 cm
336 _2rdacontent
_atext
337 _2rdamedia
_aunmediated
338 _2rdacarrier
_avolume
650 1 0 _aReaders
942 _ddc
_cB
999 _c38741
_d38741